000 003290000a22001090004500
090 _aAS
_bSeriadas
245 1 0 _aAportes a la flora de Colombia estudios en compuestas, V
041 0 _aEspañol
100 1 _aDíaz Piedrahita, Santiago
_995842
942 _cARTICULO
773 1 _tMutisia: Acta Botánica Colombiana
_3893
_h61
_q1-11
_d1985
999 _c15244
_d15244